Complex variables and the Laplace transform for engineers (Record no. 13856)

000 -LEADER
fixed length control field 00606nam a22002051 4500
001 - CONTROL NUMBER
control field 13856
003 - CONTROL NUMBER IDENTIFIER
control field BD-DhUET
008 - FIXED-LENGTH DATA ELEMENTS--GENERAL INFORMATION
fixed length control field 840622s1961 nyua b 000 0 eng
040 ## - CATALOGING SOURCE
Original cataloging agency DLC
Transcribing agency DLC
Modifying agency BD-DhUET
082 00 - DEWEY DECIMAL CLASSIFICATION NUMBER
Classification number 517.862
Item number LEP/1961
100 ## - MAIN ENTRY--PERSONAL NAME
Personal name LePage, Wilbur R.
245 10 - TITLE STATEMENT
Title Complex variables and the Laplace transform for engineers
250 ## - EDITION STATEMENT
Edition statement 1st ed.
260 ## - PUBLICATION, DISTRIBUTION, ETC. (IMPRINT)
Place of publication, distribution, etc. Bombay
Name of publisher, distributor, etc. McGraw-Hill
Date of publication, distribution, etc. 1961
300 ## - PHYSICAL DESCRIPTION
Extent xvi, 475 p.
Other physical details ill.
Dimensions 24 cm.
490 ## - SERIES STATEMENT
Series statement International series in pure and applied mathematics
504 ## - BIBLIOGRAPHY, ETC. NOTE
Bibliography, etc Includes bibliographies
650 #0 - SUBJECT ADDED ENTRY--TOPICAL TERM
Topical term or geographic name as entry element Calculus - Complex variables
942 ## - ADDED ENTRY ELEMENTS (KOHA)
Koha item type General Book
Holdings
Price effective from Not for loan Koha item type Location (home branch) Koha full call number Date acquired Shelving location Source of classification or shelving scheme Koha date last seen Lost status Copy number Sublocation or collection (holding branch) Withdrawn status Damaged status Piece designation (barcode) Koha normalized classification for sorting
2015-03-05 General BookCentral Library, BUET517.862/LEP/19612015-03-05Circulation section 2015-03-05 1Central Library, BUET  40116517_862000000000000_LEP_1961
2015-03-05 General BookCentral Library, BUET517.862/LEP/19612015-03-05Circulation section 2015-03-05 2Central Library, BUET  24385517_862000000000000_LEP_1961
2015-03-07 General BookCentral Library, BUET517.862/LEP/19612015-03-07Circulation section 2015-03-07 3Central Library, BUET  6374517_862000000000000_LEP_1961
2015-03-07 General BookCentral Library, BUET517.862/LEP/19612015-03-07Circulation section 2015-03-07 4Central Library, BUET  51027517_862000000000000_LEP_1961
2015-03-07 General BookCentral Library, BUET517.862/LEP/19612015-03-07Circulation section 2015-03-07 5Central Library, BUET  20963517_862000000000000_LEP_1961
2015-03-07 General BookCentral Library, BUET517.862/LEP/19612015-03-07Circulation section 2015-03-07 6Central Library, BUET  42659517_862000000000000_LEP_1961
2015-03-07 General BookCentral Library, BUET517.862/LEP/19612015-03-07Circulation section 2015-03-07 7Central Library, BUET  40115517_862000000000000_LEP_1961
2015-03-07 General BookCentral Library, BUET517.862/LEP/19612015-03-07Circulation section 2015-03-07 8Central Library, BUET  39671517_862000000000000_LEP_1961
2015-03-07 General BookCentral Library, BUET517.862/LEP/19612015-03-07Circulation section 2015-03-07 9Central Library, BUET  39670517_862000000000000_LEP_1961
2015-03-07 General BookCentral Library, BUET517.862/LEP/19612015-03-07Circulation section 2015-03-07 10Central Library, BUET  42660517_862000000000000_LEP_1961
2015-03-09 General BookCentral Library, BUET517.862/LEP/19612015-03-09Circulation section 2015-03-09 11Central Library, BUET  42661517_862000000000000_LEP_1961
2015-03-09 General BookCentral Library, BUET517.862/LEP/19612015-03-09Circulation section 2015-03-09 12Central Library, BUET  51026517_862000000000000_LEP_1961
2015-05-03 General BookCentral Library, BUET517.862/LEP/19612015-05-03Circulation section 2015-05-03 13Central Library, BUET  2039517_862000000000000_LEP_1961
2015-05-03 General BookCentral Library, BUET517.862/LEP/19612015-05-03Circulation section 2015-05-03 14Central Library, BUET  6375517_862000000000000_LEP_1961
2015-05-03 General BookCentral Library, BUET517.862/LEP/19612015-05-03Circulation section 2015-05-03 15Central Library, BUET  2041517_862000000000000_LEP_1961
2015-05-03 General BookCentral Library, BUET517.862/LEP/19612015-05-03Circulation section 2015-05-03 16Central Library, BUET  2040517_862000000000000_LEP_1961